00829nam a2200229 a 450000100100000000500170001000800410002702000180006804000250008608200160011110000410012724500960016826000500026430000210031449000110033550000730034650000630041950000420048250400320052460000320055683000110058800004881220240306073910.0190412s2015 dr 000 0 spa d a9789592653184 aDO-SdBNPbspacBNPHU axxxxbM378G1 aGuadarrama González, Pablo,d1949-10aJosé Martí :bhumanismo práctico y latinoamericanista /cPablo Guadarrama González. aSanta Clara, Cuba :bEditorial Capiro,c2015. a344 p. ;c20 cm.1 aEstilo aIncluye referencias bibliográficas y notas al pie de las páginas aLa biblioteca posee 1 ejemplar autográfiado por el autor aIncluye datos biográficos del autor aBibliografía : p. 323-34410aMartí, José,d1853-1895 0aEstilo